Foundations of differentiable mainfolds abd Lie groups

Salvato in:
Dettagli Bibliografici
Autore principale: Warner, Frank W (Autore)
Natura: Libro
Lingua:inglese
Pubblicazione: Nueva York Springer-Verlag 1983
Serie:Graduate Texts in Mathematics, 94
Soggetti:
Tags: Aggiungi Tag
Nessun Tag, puoi essere il primo ad aggiungerne!!

MARC

LEADER 00000cam a2200000 a 4500
001 UCQ8831
003 CL-VaPUC
008 981217e19830000US |||||||||||||||||eng|d
082 0 4 |a 512.55  |b WAR  |2 21 
100 0 |a Warner, Frank W  |e author  |9 423085 
245 1 0 |a Foundations of differentiable mainfolds abd Lie groups 
300 |a 292 p 
942 |c BK 
945 |d 19981217 00:00:00  |a crobeson 
260 |a Nueva York  |b Springer-Verlag  |c 1983 
650 0 |a Grupos de Lie   |9 271231 
650 7 |a TENSORES  |2 CL-VaPUC  |9 351595 
583 |a last modification  |c 20140821 01:28:22  |k Rodrigo Vera 
490 0 |a Graduate Texts in Mathematics, 94 
999 |c 278005  |d 278003 
952 |0 0  |1 0  |4 0  |6 512_550000000000000_WAR_1983  |7 0  |8 A  |9 316321  |a BIBMAT  |b BIBMAT  |d 2019-11-20  |i 1304844  |o 512.55 WAR 1983  |p 1304844  |r 2025-01-07  |w 2019-11-20  |y BK  |k MAT 
952 |0 0  |1 0  |3 erb  |4 0  |6 512_550000000000000_WAR_1983  |7 0  |8 A  |9 316322  |a BIBMAT  |b BIBMAT  |i 5110513  |o 512.55 WAR 1983  |p 5110513  |r 2025-01-07  |w 2019-11-20  |y BK  |z Catalogado en:20140821  |k MAT